000 00371 a2200169 4500
001 188548
020 _a85-249-1130-1
040 _cMagnum
100 _aGuedes, Luiz Roberto
240 1 0 _aArmadilha para lobisomem
_lpor
245 1 0 _aArmadilha para lobisomem
300 _a184
362 0 _a2005
440 1 _aCortez
697 _aLITERATURA JUVENIL
942 _cBK
999 _c188548
_d188548